Haikyuu(karasuno) - Statistics

General Stats
  • This quiz has been taken 455 times
  • The average score is 15 of 16
Answer Stats
Numerki Postacie % Correct
10 Shōyō Hinata
99%
9 Tobio Kageyama
99%
1 Daichi Sawamura
98%
2 Kōshi Sugawara
98%
3 Asahi Azumane
97%
5 Ryūnosuke Tanaka
97%
4 Yū Nishinoya
97%
11 Kei Tsukishima
96%
12 Tadashi Yamaguchi
95%
Trener Keishin Ukai
92%
menadżerka Kiyoko Shimizu
89%
6 Chikara Ennoshita
87%
menadżerka Hitoka Yachi
85%
Trener Ittetsu Takeda
82%
8 Kazuhito Narita
79%
7 Hisashi Kinoshita
77%
No matching quizzes found
Score Distribution
Percent of People with Each Score
Percentile by Number Answered
Your Score History
You have not taken this quiz